Hellas Verona Squad 2023-2024 - Statistics

General Stats
  • This quiz has been taken 105 times
    83 since last reset
  • The average score is 24 of 41
Answer Stats
# Position Nation Player % Correct
1 GK Italy Lorenzo Montipò
98%
6 DF Sweden Isak Hien
91%
26 FW Belgium Cyril Ngonge
86%
3 DF Scotland Josh Doig
86%
9 FW France Thomas Henry
84%
8 MF Serbia Darko Lazović
81%
5 DF Italy Davide Faraoni
77%
- Coach Italy Marco Baroni
77%
31 MF Slovakia Tomáš Suslov
77%
33 MF Slovakia Ondrej Duda
74%
42 DF Italy Diego Coppola
72%
23 DF Italy Giangiacomo Magnani
72%
27 DF Poland Paweł Dawidowicz
72%
11 FW Bosnia and Herzegovina Milan Đurić
70%
25 MF Germany Suat Serdar
70%
17 FW Netherlands Tijjani Noslin
70%
4 DF Germany Koray Günter
67%
32 DF Colombia Juan Cabal
65%
24 MF Italy Filippo Terracciano
60%
17 FW Sierra Leone Yayah Kallon
60%
18 MF Cameroon Martin Hongla
58%
2 DF Argentina Bruno Amione
56%
99 FW Italy Federico Bonazzoli
56%
77 FW Spain Jordi Mboula
56%
19 DF Portugal Rúben Vinagre
56%
21 MF Portugal Dani Silva
53%
38 FW Belgium Jackson Tchatchoua
51%
16 GK Italy Mattia Chiesa
51%
90 MF Italy Michael Folorunsho
51%
10 MF Australia Ajdin Hrustic
44%
22 GK Italy Alessandro Berardi
44%
10 FW Serbia Stefan Mitrović
44%
18 DF France Fabien Centonze
40%
11 FW Poland Karol Świderski
40%
7 FW Netherlands Jayden Braaf
37%
6 MF France Reda Belahyane
37%
20 MF Italy Riccardo Saponara
37%
14 MF Spain Joselito
35%
37 MF Brazil Charlys
33%
34 GK Italy Simone Perilli
33%
7 FW Netherlands Elayis Tavsan
28%
No matching quizzes found
Score Distribution
Percent of People with Each Score
Percentile by Number Answered
Your Score History
You have not taken this quiz since the last reset